000 00416nam a2200145 i 4500
001 90803
003 ES-MaACL
007 t|
008 050125s1901 fr ||||1| fre d
100 1 _aLeclère, Albert.
_971097
245 1 0 _aEssai critique sur le Droit d'affirmer /
_cpar Albert Leclère.
260 _aParís :
_b[s.n.,
_c1901] (
_eChartres :
_fDurand)
300 _a253 p. ;
_c23 cm.
852 _aES-MaACL
_jB-6831
999 _c90803
_d90803